Christmas Movies by Picture #2 - Statistics

General Stats
  • This quiz has been taken 206 times
  • The average score is 8 of 16
Answer Stats
Picture Answer % Correct
How the Grinch Stole Christmas
95%
Home Alone 2: Lost in New York
91%
Edward Scissorhands
71%
The Muppet Christmas Carol
68%
A Charlie Brown Christmas
65%
Jingle All the Way
54%
Miracle on 34th Street
52%
Arthur Christmas
49%
Krampus
46%
Scrooged
43%
Little Women
39%
You've Got Mail
36%
Klaus
35%
White Christmas
35%
Batman Returns
30%
Kiss Kiss Bang Bang
4%
No matching quizzes found
Score Distribution
Percent of People with Each Score
Percentile by Number Answered
Your Score History
You have not taken this quiz